000 00774nam a2200217 a 4500
001 40583
003 BD-RjUL
005 20211209053238.0
008 160504b1978 bg ||||| |||| 00| 0 ben d
035 _a(BD-RjUL)40698
040 _aBD-RjUL
_bben
_cBD-RjUL
041 _aben
082 _223
_a297
_bKHI 1978
100 _aখাঁন, মোঃ আব্দুল করিম
_9124894
245 1 0 _aঈমানের আলো :
_bদর্শন /
_cমোঃ আব্দুল করিম খাঁন
260 _aরাজশাহী :
_bআহমেদ প্রিন্টিং প্রেস,
_c১৯৭৮.
300 _a[৪], ৫০ পৃ. ;
_c১৮ সেমি.
650 _aইসলাম
_9124895
650 _aIslam
_9124896
942 _2ddc
_cBK
999 _c40583
_d40583